[Event "Olympiad Women 2024"]
[Site "Budapest HUN"]
[Date "2024.09.18"]
[Round "7.43"]
[White "Morales Flores, Monserrat"]
[Black "Raymundo, Deycy Daniela"]
[Result "1-0"]
[WhiteElo "1938"]
[BlackElo "1728"]
[TimeControl "40/5400+30:1800+30\""]
[EventDate "2024.09.11"]
[Board "3"]
[WhiteFideId "3412016"]
[BlackFideId "7305184"]
[WhiteTeam "Chile"]
[BlackTeam "Guatemala"]

1. e4 c5 2. Nf3 Nc6 3. d4 cxd4 4. Nxd4 Nf6 5. Nc3 d6 6. Be2 g6 7. Be3 Bg7
8. Qd2 O-O 9. f3 Bd7 10. O-O Rc8 11. Rfd1 Ne5 12. b3 Qc7 13. Ncb5 Bxb5 14.
Nxb5 Qxc2 15. Nxa7 Qxd2 16. Rxd2 Ra8 17. Rc2 Neg4 18. fxg4 Nxg4 19. Bxg4
Bxa1 20. Rc7 e5 21. Rxb7 f5 22. exf5 gxf5 23. Bh5 f4 24. Bb6 Rfb8 25. Bf3
Rxb7 26. Bxb7 Rf8 27. Bd5+ Kg7 28. Nc6 Re8 29. Be4 Kf6 30. Kf2 Ke6 31. Nb4
Rb8 32. Ba5 Rb5 33. Nc6 d5 34. Bxh7 Rc5 35. Nd8+ Kd7 36. Bf5+ Ke8 37. Nb7
Bd4+ 38. Ke2 Rc1 39. a4 Ra1 40. Kd3 Ra3 41. Nd6+ Ke7 42. Nb5 Rxb3+ 43. Kc2
Rb2+ 44. Kd3 Be3 45. Bh3 Rf2 46. Bb4+ Kf6 47. Bc3 Bc5 48. Nc7 d4 49. Nd5+
Kg6 50. Bb4 Ba7 51. Ne7+ Kf6 52. Nc6 Bb6 53. Be7+ Kg7 54. Nxe5 Ra2 55. Nd7
Bc7 56. Nc5 Be5 57. Nd7 Bc7 58. Bf6+ Kf7 59. Bxd4 Rxa4 60. Ne5+ Kg8 61.
Be6+ Kh7 62. Nf3 Kh6 63. Be5 Bxe5 64. Nxe5 Kg5 65. Nf3+ Kf6 66. Bc4 Ra3+
67. Kd4 Ra4 68. h4 Kf5 69. Kd5 Kg4 70. Bd3 Kg3 71. Be4 Kxg2 72. Ke5 Kg3 73.
h5 Ra5+ 74. Bd5 Ra6 75. Nd4 Kg4 76. Bf3+ Kg3 77. Be4 Kg4 78. Bf3+ Kg3 79.
Ke4 Kh4 80. Kxf4 Rf6+ 81. Nf5+ Kh3 82. Kg5 Ra6 83. Bg4+ Kg2 84. Nd4 Kg3 85.
Nf5+ Kf2 86. Ne7 Ra5+ 87. Bf5 Ra7 88. Kf6 Ra6+ 89. Be6 Ra5 90. Nf5 Ra1 91.
h6 Rh1 92. Bd5 Rxh6+ 93. Nxh6 Ke3 94. Ke5 Kd3 95. Nf5 Kc3 96. Be4 Kc4 97.
Kd6 Kc3 98. Kc5 Kd2 99. Kd4 Ke2 100. Bd5 Kd2 101. Bc4 Kc2 102. Nd6 Kd2 103.
Bd3 Kc1 104. Kc3 Kd1 105. Ne4 Ke1 106. Bc4 Kd1 107. Bd3 Ke1 108. Bc4 Kd1
109. Kd3 Ke1 110. Bb3 Kf1 111. Ke3 Ke1 112. Kf3 Kf1 113. Nf2 Ke1 114. Ne4
Kf1 115. Ng3+ Ke1 116. Ne4 Kf1 117. Ke3 Ke1 118. Ba4 Kf1 119. Kf3 Ke1 120.
Bc2 Kf1 121. Nf2 Ke1 122. Ke3 Kf1 123. Be4 Ke1 124. Bf3 Kf1 125. Ng4 Ke1
126. Ne5 Kf1 127. Nd3 Kg1 128. Kf4 Kh2 129. Nf2 Kg1 130. Ng4 Kf1 131. Ke3
Ke1 132. Ne5 Kf1 133. Nd3 Kg1 134. Kf4 Kf1 135. Kg3 Kg1 136. Bg4 Kf1 137.
Kf3 Kg1 138. Bh3 Kh2 139. Bg2 Kg1 140. Nf2 Kh2 141. Ng4+ Kg1 142. Bh3 Kh1
143. Kg3 Kg1 144. Nh2 Kh1 145. Bg2+ Kg1 146. Nf3# 1-0

[Event "Olympiad Women 2024"]
[Site "Budapest HUN"]
[Date "2024.09.18"]
[Round "7.43"]
[White "Mazariegos, Silvia Carolina"]
[Black "Romero Troncoso, Liset Anais"]
[Result "1/2-1/2"]
[WhiteElo "1878"]
[BlackElo "1834"]
[TimeControl "40/5400+30:1800+30\""]
[EventDate "2024.09.11"]
[Board "4"]
[WhiteFideId "7300115"]
[BlackFideId "3426084"]
[WhiteTeam "Guatemala"]
[BlackTeam "Chile"]

1. Nf3 Nf6 2. d3 g6 3. e4 d6 4. g3 Bg7 5. Bg2 O-O 6. O-O e5 7. Nbd2 c5 8.
Re1 Nc6 9. h3 Rb8 10. Nf1 b5 11. Be3 a5 12. Qd2 a4 13. Bg5 Be6 14. c3 Qa5
15. N3h2 b4 16. c4 Qb6 17. h4 b3 18. a3 Nd4 19. Rab1 Nc2 20. Rec1 Nd7 21.
f3 f6 22. Bh6 Rb7 23. Bxg7 Kxg7 24. Ne3 Nxe3 25. Qxe3 Nb8 26. Ng4 Bxg4 27.
fxg4 Nc6 28. Rf1 Rbf7 29. Rf2 Nd4 30. Rbf1 Qa5 31. Qd2 Qxd2 32. Rxd2 g5 33.
h5 h6 34. Bf3 Rb8 35. Bd1 Rfb7 36. Rff2 1/2-1/2

[Event "Olympiad Women 2024"]
[Site "Budapest HUN"]
[Date "2024.09.18"]
[Round "7.44"]
[White "Lindiawati, Evi"]
[Black "Miladi, Amen"]
[Result "0-1"]
[WhiteElo "1940"]
[BlackElo "1851"]
[TimeControl "40/5400+30:1800+30\""]
[EventDate "2024.09.11"]
[Board "1"]
[WhiteFideId "7101449"]
[BlackFideId "5503779"]
[WhiteTeam "Indonesia"]
[BlackTeam "Tunisia"]

1. e4 c5 2. Nc3 e6 3. Nf3 a6 4. a4 Nc6 5. Bc4 Nf6 6. O-O d6 7. d4 cxd4 8.
Nxd4 Be7 9. Be3 Ne5 10. Ba2 O-O 11. h3 Qc7 12. Qe2 b6 13. f4 Nc6 14. Qc4
Bb7 15. f5 d5 16. exd5 exd5 17. Qe2 Bc5 18. Rad1 Rfe8 19. Qd2 Rad8 20. Bf2
Ne4 21. Nxe4 dxe4 22. c3 e3 23. Bxe3 Nxd4 24. Bxd4 Qg3 25. Qf2 Bxd4 26.
Rxd4 Qxf2+ 27. Kxf2 Rxd4 28. cxd4 Re4 29. Re1 Rxe1 30. Kxe1 Bxg2 31. d5
Bxh3 32. Bc4 Bxf5 33. Bxa6 Kf8 34. Kd2 Ke7 35. Ke3 Bc2 36. Bb5 Kd6 37. Kd4
Bb3 38. Bc6 h5 39. Ke4 g5 40. Kf5 0-1

[Event "Olympiad Women 2024"]
[Site "Budapest HUN"]
[Date "2024.09.18"]
[Round "7.44"]
[White "Mefteh, Meyssem"]
[Black "Nugroho, Angel Ruth"]
[Result "1-0"]
[WhiteElo "1834"]
[BlackElo "1939"]
[TimeControl "40/5400+30:1800+30\""]
[EventDate "2024.09.11"]
[Board "2"]
[WhiteFideId "5517737"]
[BlackFideId "7111975"]
[WhiteTeam "Tunisia"]
[BlackTeam "Indonesia"]

1. d4 f5 2. c4 e6 3. Nc3 Nf6 4. Nf3 Bb4 5. Bd2 O-O 6. e3 b6 7. Qb3 a5 8. a3
Bxc3 9. bxc3 Ba6 10. Be2 Qe7 11. Rd1 d6 12. Bc1 Nbd7 13. Nd2 Kh8 14. Bf3
Rad8 15. a4 e5 16. Bc6 e4 17. Nf1 Qf7 18. Bd5 Nxd5 19. cxd5 c6 20. c4 cxd5
21. cxd5 Bb7 22. Ng3 Bxd5 23. Qa3 Qe6 24. O-O Rc8 25. Ne2 Bc4 26. Rfe1 d5
27. Bb2 Bxe2 28. Rxe2 Rc4 29. Rc1 Rfc8 30. Ree1 h6 31. h3 Kh7 32. Red1 Qf6
33. Qb3 Rxc1 34. Rxc1 Rxc1+ 35. Bxc1 Qc6 36. Ba3 Kg6 37. Qd1 Qc7 38. Qe2
Qc6 39. Qd1 Kh7 40. Qb3 Nf6 41. Be7 Nd7 42. Bh4 Qc1+ 43. Kh2 Qc4 44. Qa3
Qb4 45. Qa2 Qd6+ 46. Bg3 Qc6 47. Qb3 Kg6 48. Bh4 Kf7 49. Qd1 g6 50. Qb3 Qc4
51. Qa3 Qb4 52. Qa2 Ke6 53. Qc2 Qc4 54. Qd1 g5 55. Bg3 Nf6 56. Be5 b5 57.
axb5 Qxb5 58. Qc1 Nd7 59. Qc8 Kf7 60. Bd6 a4 61. Qh8 Qb6 62. Qh7+ Kf6 63.
Qxd7 Qb3 64. Be5+ Kg6 65. Qg7+ Kh5 66. Qf7+ 1-0

[Event "Olympiad Women 2024"]
[Site "Budapest HUN"]
[Date "2024.09.18"]
[Round "7.44"]
[White "Yuliana, Evi"]
[Black "Ben Amor, Meriem"]
[Result "1-0"]
[WhiteElo "1912"]
[BlackElo "1733"]
[TimeControl "40/5400+30:1800+30\""]
[EventDate "2024.09.11"]
[Board "3"]
[WhiteFideId "7110294"]
[BlackFideId "5508509"]
[WhiteTeam "Indonesia"]
[BlackTeam "Tunisia"]

1. d4 Nf6 2. c4 e6 3. Nf3 Bb4+ 4. Nbd2 b6 5. a3 Be7 6. e4 d6 7. Bd3 O-O 8.
O-O Bb7 9. Qc2 h6 10. Rd1 Nc6 11. b4 Qc8 12. Bb2 Nb8 13. e5 Nfd7 14. Ne4 a5
15. b5 dxe5 16. c5 bxc5 17. dxc5 Bd5 18. c6 Nb6 19. Nxe5 a4 20. Nc5 Qe8 21.
Qc3 Bf6 22. Ne4 Bxe4 23. Bxe4 Qc8 24. Bc2 Nd5 25. Rxd5 exd5 26. Qd3 Re8 27.
Qh7+ Kf8 28. Re1 Nxc6 29. Nd7+ 1-0

[Event "Olympiad Women 2024"]
[Site "Budapest HUN"]
[Date "2024.09.18"]
[Round "7.44"]
[White "Gamha, Yasmine"]
[Black "Adeline, Clementia"]
[Result "1/2-1/2"]
[WhiteElo "1679"]
[BlackElo "1550"]
[TimeControl "40/5400+30:1800+30\""]
[EventDate "2024.09.11"]
[Board "4"]
[WhiteFideId "5505038"]
[BlackFideId "7132085"]
[WhiteTeam "Tunisia"]
[BlackTeam "Indonesia"]

1. e4 c5 2. Nf3 d6 3. d4 cxd4 4. Nxd4 Nf6 5. Nc3 a6 6. Bg5 e6 7. f4 Be7 8.
Qf3 Qc7 9. O-O-O Nbd7 10. g4 b5 11. Bxf6 Nxf6 12. g5 Nd7 13. f5 O-O 14.
fxe6 fxe6 15. Nxe6 Rxf3 16. Nxc7 Bxg5+ 17. Kb1 Rb8 18. Ne6 Bf6 19. Nd5 Nf8
20. Nxf8 Kxf8 21. Nxf6 Rxf6 22. Bd3 Bb7 23. Rhe1 Re8 24. b3 Re5 25. Kb2 Rf2
26. Rf1 Rxf1 27. Rxf1+ Ke7 28. Rg1 Kf7 29. Rf1+ Ke7 30. Rg1 Kf7 31. Rf1+
1/2-1/2

[Event "Olympiad Women 2024"]
[Site "Budapest HUN"]
[Date "2024.09.18"]
[Round "7.45"]
[White "Nassr, Lina"]
[Black "Wilson, Hannah"]
[Result "1/2-1/2"]
[WhiteElo "2010"]
[BlackElo "1888"]
[TimeControl "40/5400+30:1800+30\""]
[EventDate "2024.09.11"]
[Board "1"]
[WhiteFideId "7908075"]
[BlackFideId "11104600"]
[WhiteTeam "Algeria"]
[BlackTeam "Barbados"]

1. d4 d5 2. c4 c6 3. Nf3 Nf6 4. e3 e6 5. Nbd2 Bd6 6. Bd3 O-O 7. O-O Nbd7 8.
e4 dxe4 9. Nxe4 Nxe4 10. Bxe4 Nf6 11. Bc2 h6 12. Qd3 c5 13. Rd1 Qc7 14. Be3
b6 15. h3 Bb7 16. dxc5 Bxc5 17. Bxc5 Qxc5 18. b3 Qh5 19. Ne1 Rac8 20. Qe3
Rc5 21. f4 Rc7 22. Rd2 Re8 23. Rad1 Rce7 24. Rd8 e5 25. Rxe8+ Rxe8 26. fxe5
Qxe5 27. Qxe5 Rxe5 28. Rd8+ Re8 29. Rxe8+ Nxe8 30. Kf2 Kf8 31. g3 Ke7 32.
Ke3 Nd6 33. Bd3 Ke6 34. Nc2 Nf5+ 35. Kf2 Nd6 36. Ke3 Nf5+ 37. Bxf5+ Kxf5
38. Nd4+ Ke5 39. h4 h5 40. Ne2 g6 41. Nf4 Be4 42. a3 a5 43. Ne2 Bc6 44. Nc3
f6 45. b4 axb4 46. axb4 Kd6 47. Kd4 g5 48. Ne4+ Ke6 49. Nc3 Kd6 50. b5 Bb7
51. Na4 Kc7 52. Nc3 Kd6 53. Nd1 gxh4 54. gxh4 f5 55. Ne3 f4 56. Nf5+ Kd7
57. Ng7 Bf3 58. Ke5 Be2 59. Kd5 Bf3+ 60. Ke5 Be2 61. Kxf4 Bxc4 62. Nxh5
Bxb5 63. Ke5 Ke7 64. Nf4 Bc4 65. Kd4 b5 66. h5 Kf7 67. h6 Kg8 68. Nd5 Bxd5
1/2-1/2

[Event "Olympiad Women 2024"]
[Site "Budapest HUN"]
[Date "2024.09.18"]
[Round "7.45"]
[White "Reifer-Belle, Chanon"]
[Black "Latreche, Sabrina"]
[Result "1/2-1/2"]
[WhiteElo "1736"]
[BlackElo "2030"]
[TimeControl "40/5400+30:1800+30\""]
[EventDate "2024.09.11"]
[Board "2"]
[WhiteFideId "11105186"]
[BlackFideId "7901798"]
[WhiteTeam "Barbados"]
[BlackTeam "Algeria"]

1. e4 e5 2. Nf3 Nc6 3. d4 exd4 4. Bc4 Nf6 5. e5 d5 6. Bb5 Ne4 7. Nxd4 Bc5
8. Be3 Bd7 9. Bxc6 bxc6 10. Nd2 Nxd2 11. Qxd2 Bb6 12. Nb3 Qe7 13. Qc3 O-O
14. O-O Rfe8 15. f4 f6 16. Rae1 fxe5 17. Bxb6 cxb6 18. Rxe5 Qf7 19. Qd4 Bf5
20. Nd2 Rad8 21. c3 c5 22. Qe3 d4 23. cxd4 cxd4 24. Rxe8+ Qxe8 25. Qxe8+
Rxe8 26. Nf3 d3 27. Rd1 Rc8 28. Ne5 Rc2 29. Nxd3 Bxd3 30. Rxd3 Rxb2 31.
Rd8+ Kf7 32. Rd7+ Kf6 33. Rxa7 h5 34. a4 Kf5 35. Rxg7 Kxf4 36. Rf7+ Kg4 37.
Rg7+ Kf4 38. Rf7+ Kg4 1/2-1/2

[Event "Olympiad Women 2024"]
[Site "Budapest HUN"]
[Date "2024.09.18"]
[Round "7.45"]
[White "Abdi, Zineb Dina"]
[Black "Eversley, Kiarra"]
[Result "1-0"]
[WhiteElo "1915"]
[BlackElo "1615"]
[TimeControl "40/5400+30:1800+30\""]
[EventDate "2024.09.11"]
[Board "3"]
[WhiteFideId "7900880"]
[BlackFideId "11103426"]
[WhiteTeam "Algeria"]
[BlackTeam "Barbados"]

1. e4 c5 2. Nf3 d6 3. d4 cxd4 4. Nxd4 Nf6 5. Bd3 a6 6. c4 Nbd7 7. Nc3 Ne5
8. Be2 g6 9. O-O Bg7 10. h3 Qc7 11. Be3 O-O 12. Nd5 Qd8 13. Nxf6+ Bxf6 14.
Rc1 Bd7 15. Qd2 Rc8 16. b3 Rc7 17. Rfd1 Qc8 18. Kh2 Qe8 19. a3 Nc6 20. Nc2
Bg7 21. Bb6 Rc8 22. c5 Be6 23. cxd6 Be5+ 24. f4 Bxd6 25. b4 Bc7 26. Bxc7
Rxc7 27. Qe3 Rd7 28. Nd4 Nxd4 29. Rxd4 Rxd4 30. Qxd4 Qd7 31. Qxd7 Bxd7 32.
Rc7 Bc6 33. Rxe7 Re8 34. Rxe8+ Bxe8 35. Kg3 Kg7 36. Kf3 h6 37. Ke3 Kf6 38.
e5+ Ke7 39. Kd4 Kd8 40. Bf3 Kc7 41. Bd5 Kb6 42. g4 Kc7 43. f5 b6 44. Bc4 a5
45. bxa5 bxa5 46. Kc5 gxf5 47. gxf5 Bd7 48. e6 fxe6 49. Bxe6 1-0

[Event "Olympiad Women 2024"]
[Site "Budapest HUN"]
[Date "2024.09.18"]
[Round "7.45"]
[White "Springer, Leshay"]
[Black "Nassr, Rania"]
[Result "0-1"]
[WhiteElo "1425"]
[BlackElo "1866"]
[TimeControl "40/5400+30:1800+30\""]
[EventDate "2024.09.11"]
[Board "4"]
[WhiteFideId "11105690"]
[BlackFideId "7901461"]
[WhiteTeam "Barbados"]
[BlackTeam "Algeria"]

1. d4 Nf6 2. Nf3 e6 3. Bf4 c5 4. e3 cxd4 5. exd4 Nc6 6. c3 Nh5 7. Bg3 g6 8.
Bd3 Be7 9. Nbd2 f5 10. h3 Nxg3 11. fxg3 Qc7 12. Nf1 Bd6 13. Kf2 b6 14. Qe2
Ne7 15. Ba6 Bxa6 16. Qxa6 Nd5 17. Qe2 Nf6 18. Ne5 Ne4+ 19. Ke1 Bxe5 20.
dxe5 Qxe5 21. Qe3 O-O 22. Qf4 Qb5 23. Qc1 Rac8 24. Qc2 Qe5 25. Qe2 Rxc3 26.
bxc3 Qxc3+ 27. Nd2 Qxa1+ 28. Qd1 Qxd1+ 29. Kxd1 Nf2+ 30. Ke2 Nxh1 31. Kf3
Rc8 0-1

[Event "Olympiad Women 2024"]
[Site "Budapest HUN"]
[Date "2024.09.18"]
[Round "7.46"]
[White "Aliu, Arlinda"]
[Black "Ptacnikova, Lenka"]
[Result "0-1"]
[WhiteElo "1780"]
[BlackElo "2065"]
[TimeControl "40/5400+30:1800+30\""]
[EventDate "2024.09.11"]
[Board "1"]
[WhiteFideId "22101292"]
[BlackFideId "305650"]
[WhiteTeam "Kosovo *"]
[BlackTeam "Iceland"]

1. d4 Nf6 2. Nf3 d5 3. Bf4 c5 4. e3 Nc6 5. c3 Qb6 6. Qb3 c4 7. Qc2 Bf5 8.
Qc1 h6 9. h3 e6 10. Nbd2 Rc8 11. Be2 Be7 12. O-O g5 13. Bh2 Qd8 14. Re1 b5
15. Bd1 Ne4 16. Bc2 Nxd2 17. Qxd2 Bxc2 18. Qxc2 f5 19. Ne5 Nxe5 20. Bxe5
O-O 21. f3 Bf6 22. Bh2 Bg7 23. e4 dxe4 24. fxe4 f4 25. e5 Qd5 26. Rf1 b4
27. h4 Rb8 28. Qg6 bxc3 29. bxc3 Rb2 30. Rf2 Rxf2 31. Kxf2 gxh4 32. Rb1 Kh8
33. a4 Qc6 34. Rb5 h3 35. gxh3 Qh1 36. Qg2 Qc1 37. Qf3 Qc2+ 38. Kg1 Qxa4
39. Rb4 Qa1+ 40. Kf2 Rg8 41. Bxf4 Bf6 42. Qh5 Qg1+ 43. Ke2 Rg2+ 0-1

[Event "Olympiad Women 2024"]
[Site "Budapest HUN"]
[Date "2024.09.18"]
[Round "7.46"]
[White "Johannsdottir, Johanna Bjorg"]
[Black "Recica, Jona"]
[Result "1-0"]
[WhiteElo "2013"]
[BlackElo "1791"]
[TimeControl "40/5400+30:1800+30\""]
[EventDate "2024.09.11"]
[Board "2"]
[WhiteFideId "2303108"]
[BlackFideId "22105239"]
[WhiteTeam "Iceland"]
[BlackTeam "Kosovo *"]

1. e4 e5 2. Nf3 Nc6 3. Nc3 Nf6 4. d4 exd4 5. Nd5 Bb4+ 6. Nxb4 Nxb4 7. a3
Nc6 8. Bd3 d6 9. h3 h6 10. O-O g5 11. Re1 Nd7 12. e5 dxe5 13. Bb5 O-O 14.
Bxc6 bxc6 15. Nxe5 Nxe5 16. Rxe5 Qd6 17. Ra5 f6 18. Qd3 Kg7 19. Bd2 Qd7 20.
Re1 Re8 21. Rxe8 Qxe8 22. Qxd4 Qd7 23. Qb4 Qd6 24. Rc5 Be6 25. c4 Rd8 26.
Rxc6 Qxc6 27. Qe7+ Bf7 28. Qxd8 Qxc4 29. Bc3 Qc6 30. Qd4 Qb6 31. Qg4 Qe6
32. Qf3 Qd6 33. h4 Bd5 34. Qe3 Qf4 35. hxg5 Qxg5 36. Qh3 Qc1+ 37. Kh2 Qf4+
38. Qg3+ Qxg3+ 39. Kxg3 Kg6 40. f3 a6 41. Kf4 h5 42. g4 hxg4 43. fxg4 Bc6
44. Ba5 Bd7 45. Bxc7 f5 46. g5 Bb5 47. Ba5 Bc4 48. Bd2 Bb3 49. Ke5 Bc2 50.
Kd4 Bb3 51. Kc3 Bd5 52. Kb4 Be4 53. Ka5 Bd3 54. b4 Kf7 55. a4 Ke7 56. b5
axb5 57. axb5 f4 58. Bxf4 Kd7 59. Kb6 Kc8 60. Kc6 Be4+ 61. Kd6 Kb7 62. Be3
Kc8 63. Ke7 Bd3 64. b6 Bg6 65. Kf6 Be4 66. g6 Kb7 67. g7 Bd5 68. Ke7 Kc6
69. Kf8 Kd7 70. g8=Q Bxg8 71. Kxg8 Kc8 72. Kf7 Kd7 73. Bf4 Kc6 74. Bc7 Kb7
75. Ke7 Kc6 76. Ke6 Kb7 77. Kd6 Kc8 78. Kc5 Kd7 79. Bf4 1-0

[Event "Olympiad Women 2024"]
[Site "Budapest HUN"]
[Date "2024.09.18"]
[Round "7.46"]
[White "Saraci, Rinesa"]
[Black "Thorsteinsdottir, Hallgerdur"]
[Result "0-1"]
[WhiteElo "1757"]
[BlackElo "1938"]
[TimeControl "40/5400+30:1800+30\""]
[EventDate "2024.09.11"]
[Board "3"]
[WhiteFideId "4701976"]
[BlackFideId "2302454"]
[WhiteTeam "Kosovo *"]
[BlackTeam "Iceland"]

1. e4 c6 2. d4 d5 3. Nc3 dxe4 4. Nxe4 Bf5 5. Ng3 Bg6 6. Nf3 Nd7 7. h4 h6 8.
Bd3 Bxd3 9. Qxd3 Ngf6 10. Bf4 e6 11. O-O-O a5 12. c4 Be7 13. h5 O-O 14.
Rhe1 a4 15. Re2 Qa5 16. Ne5 Rfd8 17. Nxf7 Kxf7 18. Qg6+ Kf8 19. Rxe6 a3 20.
Nf5 axb2+ 21. Kc2 Qa4+ 22. Kd2 Qb4+ 23. Ke2 Qxc4+ 24. Kf3 Qxe6 25. Qxg7+
Ke8 26. Qh8+ Qg8 27. Ng7+ Kf7 28. Qxh6 Qxg7 0-1

[Event "Olympiad Women 2024"]
[Site "Budapest HUN"]
[Date "2024.09.18"]
[Round "7.46"]
[White "Helgadottir, Idunn"]
[Black "Saraci, Ndriqona"]
[Result "1-0"]
[WhiteElo "1837"]
[BlackElo "1656"]
[TimeControl "40/5400+30:1800+30\""]
[EventDate "2024.09.11"]
[Board "4"]
[WhiteFideId "2314118"]
[BlackFideId "969095"]
[WhiteTeam "Iceland"]
[BlackTeam "Kosovo *"]

1. e4 c5 2. Nf3 e6 3. d4 cxd4 4. Nxd4 a6 5. c4 Qc7 6. a3 Nc6 7. Be3 Nf6 8.
Nc3 Be7 9. Be2 e5 10. Nf5 g6 11. Nxe7 Nxe7 12. Bg5 Qb6 13. b4 h6 14. Be3
Qc6 15. f3 d6 16. Rc1 Be6 17. Nd5 Bxd5 18. cxd5 Qd7 19. O-O g5 20. Qd2 Ng6
21. Rc3 Ke7 22. Rfc1 Rhc8 23. Bb6 Rxc3 24. Qxc3 Nf4 25. Bf1 g4 26. g3 Nh3+
27. Bxh3 gxh3 28. Qe3 Rc8 29. Qxh6 Rxc1+ 30. Qxc1 Qb5 31. Qc7+ Qd7 32.
Qxd7+ Kxd7 33. Kf2 Nh7 34. g4 Ng5 35. Be3 Nh7 36. Kg3 Nf6 37. Kxh3 Ne8 38.
Bb6 Ke7 39. Kh4 Kf8 40. Kg5 Kg7 41. Bd8 Kh7 42. h4 Kg7 43. Kf5 Kh7 44. Bf6
Nc7 45. Be7 Ne8 46. Bxd6 Nxd6+ 47. Kxe5 Nc4+ 48. Kf6 Kg8 49. Ke7 1-0

[Event "Olympiad Women 2024"]
[Site "Budapest HUN"]
[Date "2024.09.18"]
[Round "7.47"]
[White "Paulo, Jemima"]
[Black "Kaslan, Catherine"]
[Result "1-0"]
[WhiteElo "2037"]
[BlackElo "1902"]
[TimeControl "40/5400+30:1800+30\""]
[EventDate "2024.09.11"]
[Board "1"]
[WhiteFideId "10110836"]
[BlackFideId "8201390"]
[WhiteTeam "Angola"]
[BlackTeam "Suriname"]

1. d4 Nf6 2. Nf3 e6 3. c4 b6 4. Bg5 Be7 5. Nc3 Bb7 6. e3 d6 7. Bd3 Nbd7 8.
O-O h6 9. Bxf6 Bxf6 10. Rc1 O-O 11. b4 c5 12. b5 Qe7 13. Ne4 Rfd8 14. Ng3
g6 15. Be4 d5 16. cxd5 exd5 17. Bb1 a6 18. bxa6 Bxa6 19. Re1 cxd4 20. exd4
Qd6 21. h4 h5 22. Qd2 Bc4 23. Re3 Bg7 24. Rce1 Bf6 25. Qc2 Nf8 26. Ne5 Bxe5
27. Rxe5 Qf6 28. Rg5 Qxd4 29. Nxh5 Qxh4 30. Qd2 Nh7 31. Ree5 Re8 32. g3
Nxg5 33. Nf6+ Kf8 34. Qb4+ Kg7 35. Nxe8+ Rxe8 36. gxh4 Nf3+ 37. Kg2 Nxh4+
38. Kg3 Rxe5 39. Kxh4 Rh5+ 40. Kg3 Rg5+ 41. Kf4 Rg1 42. Qxb6 Re1 43. a4 Re6
44. Qb2+ Kf8 45. Ba2 Re4+ 46. Kg5 Be2 47. Bxd5 Rg4+ 48. Kf6 Rf4+ 49. Ke5
Rxf2 50. Kd6 Kg8 51. Ke7 Rf5 52. Qb8+ Kh7 53. Bxf7 1-0

[Event "Olympiad Women 2024"]
[Site "Budapest HUN"]
[Date "2024.09.18"]
[Round "7.47"]
[White "Kaslan, Victoria"]
[Black "Junior, Ednasia"]
[Result "1/2-1/2"]
[WhiteElo "1726"]
[BlackElo "1888"]
[TimeControl "40/5400+30:1800+30\""]
[EventDate "2024.09.11"]
[Board "2"]
[WhiteFideId "8202230"]
[BlackFideId "10105980"]
[WhiteTeam "Suriname"]
[BlackTeam "Angola"]

1. e4 c5 2. Nf3 e6 3. d4 cxd4 4. Nxd4 Nf6 5. Nc3 Nc6 6. Ndb5 d6 7. Bf4 e5
8. Bg5 a6 9. Bxf6 gxf6 10. Na3 b5 11. Nd5 Be6 12. c3 Bxd5 13. exd5 Na7 14.
Qf3 Nc8 15. Nc2 Bg7 16. a4 Rb8 17. axb5 axb5 18. Nb4 Ne7 19. Bd3 O-O 20. h4
Qc8 21. Nc6 Nxc6 22. dxc6 Re8 23. O-O Qe6 24. c7 Rbc8 25. Bf5 Qc4 26. Bxc8
Rxc8 27. Ra8 Qxc7 28. Rfa1 Rf8 29. Rxf8+ Bxf8 30. Qxf6 Qb7 31. Qg5+ Kh8 32.
Re1 Be7 33. Qh6 Qd5 34. Re3 Qd1+ 35. Kh2 Qg4 36. Rf3 f5 37. Qe6 Qxh4+ 38.
Rh3 Qf4+ 39. Rg3 Bg5 40. Qxd6 h6 41. Qb8+ Kh7 42. Qe8 e4 43. Qxb5 Qxf2 44.
Qe8 Qf4 45. Qf7+ Kh8 46. Qf8+ Kh7 47. Qf7+ Kh8 48. Qf8+ 1/2-1/2

[Event "Olympiad Women 2024"]
[Site "Budapest HUN"]
[Date "2024.09.18"]
[Round "7.47"]
[White "Pires, Luzia"]
[Black "Wu, Elise"]
[Result "1-0"]
[WhiteElo "1877"]
[BlackElo "1595"]
[TimeControl "40/5400+30:1800+30\""]
[EventDate "2024.09.11"]
[Board "3"]
[WhiteFideId "10101012"]
[BlackFideId "8205760"]
[WhiteTeam "Angola"]
[BlackTeam "Suriname"]

1. d4 Nf6 2. Nf3 e6 3. e3 b6 4. Bd3 Bb7 5. Nbd2 c5 6. O-O Be7 7. b3 O-O 8.
Bb2 Qc7 9. Rc1 Nc6 10. a3 cxd4 11. exd4 Rac8 12. c4 d5 13. Re1 Bd6 14. Ne5
Qe7 15. Nb1 Rfd8 16. Qe2 Na5 17. Qc2 h6 18. Re3 Rc7 19. Nc3 a6 20. Na4 Bxa3
21. Nxb6 Bxb2 22. Qxb2 Qb4 23. c5 Nc6 24. Nxc6 Rxc6 25. Ra1 Rxb6 26. cxb6
Qxb6 27. Re2 Rd7 28. Rc2 Ne4 29. Rac1 Nd6 30. Qc3 Ne4 31. Qb2 Nd6 32. h3
Ne4 33. Ra1 Rd8 34. b4 Nd6 35. Rc5 Rd7 36. Rca5 Nc4 37. Bxc4 dxc4 38. Rc5
Bd5 39. Qa3 Rb7 40. Rb1 Kh7 41. Qa5 Qd6 42. Ra1 Rb6 43. b5 axb5 44. Rxb5
Rxb5 45. Qxb5 Qf4 46. Qb1+ Kg8 47. Qd1 Qe4 48. Qg4 Qc2 49. Qf4 Qg6 50. f3
Qd3 51. Ra7 Qg6 52. Rc7 Qf6 53. Qxf6 gxf6 54. Kf2 f5 55. Ke3 Kg7 56. Kf4
Kg6 57. Ke5 Kg7 58. Rc8 Kg6 59. f4 Kg7 60. g3 h5 61. h4 Kg6 62. Kd6 Kf6 63.
Kd7 Kg7 64. Ke7 Kg6 65. Rg8+ Kh7 66. Rf8 c3 67. Rc8 Kg7 68. Rxc3 Kg6 69.
Rc8 Kg7 70. Rf8 e5 71. fxe5 Be6 72. Rd8 1-0

[Event "Olympiad Women 2024"]
[Site "Budapest HUN"]
[Date "2024.09.18"]
[Round "7.47"]
[White "Tjong Tjin Joe, Maylee"]
[Black "Felicidade, Felicia"]
[Result "1-0"]
[WhiteElo "1665"]
[BlackElo "1743"]
[TimeControl "40/5400+30:1800+30\""]
[EventDate "2024.09.11"]
[Board "4"]
[WhiteFideId "8202699"]
[BlackFideId "10115358"]
[WhiteTeam "Suriname"]
[BlackTeam "Angola"]

1. e4 e6 2. d4 d5 3. Nd2 c5 4. Ngf3 Nc6 5. Bb5 a6 6. Bxc6+ bxc6 7. O-O Nf6
8. Re1 cxd4 9. Nxd4 c5 10. N4f3 Be7 11. e5 Nd7 12. c4 O-O 13. Qe2 Nb6 14.
b3 a5 15. a4 Ba6 16. Bb2 Qd7 17. Qd3 Rfd8 18. Qc2 d4 19. Ne4 h6 20. Qd2 Qc7
21. Rad1 Nd7 22. Qf4 f6 23. Ned2 Bc8 24. Ba3 Rf8 25. Qg3 fxe5 26. Nxe5 Nxe5
27. Qxe5 Bd6 28. Qh5 e5 29. Ne4 Rf5 30. Qg6 Bf8 31. Rd3 Ra6 32. Qg3 Bb7 33.
Bc1 Bxe4 34. Rxe4 Raf6 35. f3 Qb8 36. Bd2 Qc7 37. Rh4 Kh8 38. Qe1 Ra6 39.
Re4 Be7 40. g4 Rf8 41. Rxe5 Bd6 42. Rh5 Raa8 43. g5 Bf4 44. gxh6 gxh6 45.
Bxf4 Qxf4 46. Qe5+ Qxe5 47. Rxe5 Rfc8 48. f4 Ra6 49. Kf2 Kg7 50. Rh3 Rc7
51. Kf3 Kf7 52. Rhh5 Rac6 53. Ke4 Re7 54. Rxe7+ Kxe7 55. Kd3 Kf7 56. Re5
Kf8 57. f5 Kf7 58. Rd5 Ke7 59. Ke4 Ke8 60. Ke5 Ke7 61. f6+ Rxf6 62. Rxc5
Re6+ 63. Kxd4 Rb6 64. Rb5 Ra6 65. c5 Kd7 66. Kd5 Kc7 67. h3 1-0